Aprender a observar: formación para la observación del comportamiento del deportista

Guardat en:
Dades bibliogràfiques
Autor principal: Piasenta, Jacques (Autor)
Format: Llibre
Idioma:espanyol
Publicat: Barcelona INDE Publicaciones 2000
Edició:1a. ed
Col·lecció:Atletismo
Matèries:
Etiquetes: Afegir etiqueta
Sense etiquetes, Sigues el primer a etiquetar aquest registre!

MARC

LEADER 00000nam a2200000 a 4500
001 UCI9419
003 CL-VaPUC
008 081120e20000000SP |||||||||||||||||spa|d
020 |a 8495114887 
082 0 4 |a 613.71  |b PIA  |2 21 
100 0 |a Piasenta, Jacques  |e author  |9 533161 
245 1 0 |a Aprender a observar: formación para la observación del comportamiento del deportista 
250 |a 1a. ed 
300 |a 196 p 
942 |c BK 
945 |d 20081120 00:00:00  |a rbrito 
260 |a Barcelona  |b INDE Publicaciones  |c 2000 
650 0 |a Atletismo  |9 307422 
650 0 |a Ejercicios físicos  |9 307296 
650 7 |a ENTRENAMIENTO ATLETICO  |2 CL-VaPUC  |9 533162 
650 7 |a DEPORTISTAS  |2 CL-VaPUC  |9 533163 
650 0 |a Medios audiovisuales  |9 269063 
583 |a last modification  |c 20081120 00:00:00  |k Rodrigo Vera 
490 0 |a Atletismo 
999 |c 331956  |d 331954 
952 |0 0  |1 0  |4 0  |6 613_710000000000000_PIA_2000  |7 0  |8 A  |9 419204  |a BIBEDU  |b BIBEDU  |d 2019-11-22  |i 4497368  |o 613.71 PIA 2000  |p 4497368  |r 2019-11-22  |w 2019-11-22  |y BK  |k EFI